| 000 | 01678nam a22002657a 4500 | ||
|---|---|---|---|
| 999 |
_c57795 _d57795 |
||
| 003 | Ge_BSU | ||
| 005 | 20221221150330.0 | ||
| 008 | 201208s2020 ge ||||| |||| 00| 0 geo d | ||
| 041 | _ageo | ||
| 080 | _a581.7 მ-18 | ||
| 100 |
_aმაკარაძე,ელზა _99854 |
||
| 245 |
_aაჭარაში გავრცელებულ ყოჩივარდასა (cyclamen L) და თეთრყვავილას (Galanthus L) პოპულაციების ბიოეკოლოგიური თავისებურებები / _cელზა მაკარაძე; სამეც. ხელმძღვ. ნათელა ვარშანიძე, გალინა მეფარიშვილი |
||
| 264 |
_aბათუმი, _c2020. |
||
| 300 |
_a109 გვ. _b30 სმ. |
||
| 504 | _aბიბლიოგრ. გვ. 96-109 | ||
| 653 | _aბიოლოგია | ||
| 653 | _aბიომრავალფეროვნრბა | ||
| 653 | _aფიტოპათოლოგია | ||
| 653 | _aბიოეკოლოგია | ||
| 653 | _aდისერტაცია | ||
| 700 |
_aვარშანიძე, ნათელა _eსამეცნ. ხელმძღვანელი _95845 |
||
| 700 |
_aმეფარიშვილი, გალინა _eსამეცნ. ხელმძღვანელი _99855 |
||
| 710 |
_aსაბუნებისმეტყველო მეცნიერებათა და ჯანდაცვის ფაკულტეტი _99856 _bბიოლოგიის დეპარტამენტი |
||
| 942 |
_2udc _cDS |
||